| 000 | 00624nam a2200193Ia 4500 | ||
|---|---|---|---|
| 008 | 151119s9999||||xx |||||||||||||| ||und|| | ||
| 082 | _a928.9146 | ||
| 082 | _bGKKV22989 | ||
| 100 | _aउगावकर राम | ||
| 245 | _aएक मास्तर चंदेरी दुनियेत | ||
| 260 | _a-- | ||
| 260 | _b-- | ||
| 260 | _c0 | ||
| 600 | _aउगावकर राम | ||
| 630 | _aएक मास्तर चंदेरी दुनियेत | ||
| 700 | _aउगावकर राम | ||
| 730 | _aएक मास्तर चंदेरी दुनियेत | ||
| 942 | _cBOOK | ||
| 999 |
_c1075683 _d1075680 |
||